000 00360nam a22001577a 4500
005 20230509145556.0
008 230509b ||||| |||| 00| 0 eng d
040 _c
082 _a320
_bQUR
100 _aQURESHI, I
245 _aULEMA IN POLITICS
250 _a1ST
260 _aNEW DELHI
_bRENAISSANCE
_c1998
300 _a432.p :
_c21CM
942 _2ddc
_cBK
999 _c29257
_d29257